مكتبة جامعة عجلون الوطنية

فهرس بحث المكتبة

Normal view MARC view
  • الشريفي، ناظم حسن /م.مشارك: سعود جايد مشكور العامري

Entry Personal Name

Number of records used in: 1

001 - CONTROL NUMBER

  • control field: 29336

003 - CONTROL NUMBER IDENTIFIER

  • control field: JO-AjAnu

005 - DATE AND TIME OF LATEST TRANSACTION

  • control field: 20230606074948.0

008 - FIXED-LENGTH DATA ELEMENTS

  • fixed length control field: 230606|| aca||aabn | a|a d

040 ## - CATALOGING SOURCE

  • Original cataloging agency: JO-AjAnu
  • Transcribing agency: JO-AjAnu

100 ## - HEADING--PERSONAL NAME

  • Personal name: الشريفي، ناظم حسن /م.مشارك: سعود جايد مشكور العامري

670 ## - SOURCE DATA FOUND

  • Source citation: Work cat.: (JO-AjAnu)15059: الشريفي، ناظم حسن /م.مشارك: سعود جايد مشكور العامري, author, المحاسبة المتقدمة في الشركات : الاسس النظرية والعملية لاحتساب قيمة الشركات